She-Merchants, Buccaneers and Gentlewomen: British Women in India/ (Record no. 177390)

MARC details
000 -LEADER
fixed length control field 00664nam a22001817a 4500
005 - DATE AND TIME OF LATEST TRANSACTION
control field 20210219161512.0
010 ## - LCCN (DPL NO)
LC control number ENG-129045
020 ## - INTERNATIONAL STANDARD BOOK NUMBER
Terms of availability 699.00
International Standard Book Number 978-0-3490-0824-0
035 ## - SYSTEM CONTROL NUMBER
System control number EN-112577
037 ## - SOURCE OF ACQUISITION
Source of stock number/acquisition DBAD/PUB
082 ## - DEWEY DECIMAL CLASSIFICATION NUMBER
Classification number 954.0099
100 ## - MAIN ENTRY--PERSONAL NAME
Personal name Hickman, Katie
245 ## - TITLE STATEMENT
Title She-Merchants, Buccaneers and Gentlewomen: British Women in India/
Statement of responsibility, etc Katie Hickman
260 ## - PUBLICATION, DISTRIBUTION, ETC. (IMPRINT)
Place of publication, distribution, etc Gurugram
Name of publisher, distributor, etc Hachette Book Publishing India Pvt. Ltd.
Date of publication, distribution, etc 2019
270 ## - ADDRESS
City Gurugram
Address 4th/5th Floors, Corporate Centre, Plot No- 94, Sec- 44
Postal code 122003
300 ## - PHYSICAL DESCRIPTION
Extent 390p.
Dimensions 24cm(pbk)
Other physical details Including bibliographical references and index.
942 ## - ADDED ENTRY ELEMENTS (KOHA)
Source of classification or shelving scheme Dewey Decimal Classification
Item type English Books
Classification part 954.0099
Call number suffix HIC
Holdings
Withdrawn status Lost status Not for loan Collection code Home library Current library Date acquired Source of acquisition Cost, normal purchase price Full call number Barcode Copy number Cost, replacement price Koha item type
      Non-fiction Ashok Vihar Ashok Vihar 19/02/2021 DBAD/PUB 699.00 954.0099 HIC EN-112577 1 699.00 English Books

© Delhi Public Library
Hit Counter
free hit counter